|
|
|
|
| LEADER |
00603nam a22001577a 4500 |
| 008 |
210111b2019 ii ||||| |||| 00| j mal d |
| 041 |
|
|
|a mal
|
| 082 |
|
|
|a 855.08
|
| 245 |
|
|
|a ഇരിപ്പ്:
|b ലോക്ഡൗൺ കഥകൾ /
|c Edited by ഉമർ തറമേൽ
|
| 246 |
|
|
|a Irippu:
|b lockdown kadhakal/
|
| 260 |
|
|
|a Malappuram:
|b Book Plus,
|c 2019.
|
| 300 |
|
|
|a 64p.
|
| 653 |
|
|
|a Malayalam stories
|
| 942 |
|
|
|c BK
|
| 999 |
|
|
|c 354477
|d 354477
|
| 952 |
|
|
|0 0
|1 0
|2 ddc
|4 0
|6 855_080000000000000_UMA_I
|7 0
|9 411032
|a MAL
|b MAL
|c ST1
|d 2021-01-11
|e Gift
|g 80.00
|i G1295
|l 0
|o 855.08 UMA/I
|p MALG1295
|r 2021-01-11
|w 2021-01-11
|y BK
|